书目信息 |
| 题名: |
园林工程施工
|
|
| 作者: | 陈博 , 李夺 主编 | |
| 分册: | ||
| 出版信息: | 北京 中国农业大学出版社 2024 |
|
| 页数: | 241页 | |
| 开本: | 26cm | |
| 丛书名: | 高等职业教育“十四五”规划教材 “双高”建设项目工作手册式教材 中国农业大学出版社“十四五”规划教材 | |
| 单 册: | ||
| 中图分类: | TU986.3 | |
| 科图分类: | ||
| 主题词: | 园林--工程施工--高等职业教育--教材 | |
| 电子资源: | ||
| ISBN: | 978-7-5655-3145-3 | |
| 000 | 01101nam0 2200277 450 | |
| 001 | 013055718 | |
| 005 | 20240813154855.0 | |
| 010 | @a978-7-5655-3145-3@dCNY55.00 | |
| 100 | @a20240805d2024 em y0chiy0120 ea | |
| 101 | 0 | @achi |
| 102 | @aCN@b110000 | |
| 105 | @aa z 000yy | |
| 106 | @ar | |
| 200 | 1 | @a园林工程施工@9yuan lin gong cheng shi gong@f陈博,李夺主编 |
| 210 | @a北京@c中国农业大学出版社@d2024 | |
| 215 | @a241页@c图,彩照@d26cm | |
| 225 | @a高等职业教育“十四五”规划教材 “双高”建设项目工作手册式教材 中国农业大学出版社“十四五”规划教材 | |
| 300 | @a高等职业教育“十四五”规划教材 “双高”建设项目工作手册式教材 中国农业大学出版社“十四五”规划教材 | |
| 330 | @a本书包括园林工程施工图识图、园林工程施工图设计和园林工程施工技术3个模块。每个模块以工作任务的形式展开阐述,工作任务均配备“思想加油站”“项目演练”和“评价总结”等实践思考性环节。 | |
| 586 | @a | |
| 606 | 0 | @a园林@x工程施工@x高等职业教育@j教材 |
| 690 | @aTU986.3@v5 | |
| 701 | 0 | @a陈博@9chen bo@4主编 |
| 701 | 0 | @a李夺@9li duo@4主编 |
| 801 | 0 | @aCN@c20240823 |
| 905 | @dTU986.3@eC376@f1@sTU986.3/C376@S@Z | |
| 园林工程施工/陈博,李夺主编.-北京:中国农业大学出版社,2024 |
| 241页:图,彩照;26cm.-(高等职业教育“十四五”规划教材 “双高”建设项目工作手册式教材 中国农业大学出版社“十四五”规划教材) |
| 高等职业教育“十四五”规划教材 “双高”建设项目工作手册式教材 中国农业大学出版社“十四五”规划教材 |
| ISBN 978-7-5655-3145-3:CNY55.00 |
| 本书包括园林工程施工图识图、园林工程施工图设计和园林工程施工技术3个模块。每个模块以工作任务的形式展开阐述,工作任务均配备“思想加油站”“项目演练”和“评价总结”等实践思考性环节。 |
| ● |
| 相关链接 |
|
|
|
正题名:园林工程施工
索取号:TU986.3/C376
 
预约/预借
| 序号 | 登录号 | 条形码 | 馆藏地/架位号 | 状态 | 备注 |
| 1 | 21618296 | 216182967 | 建筑库201/201建筑库 114排1列3层/ [索取号:TU986.3/C376] | 在馆 |